Normal view
MARC view
- Harold, Elliotte Rusty
Entry Personal Name
001 - CONTROL NUMBER
- control field: 97403
003 - CONTROL NUMBER IDENTIFIER
- control field: NUST
005 - DATE AND TIME OF LATEST TRANSACTION
- control field: 20220816111525.0
008 - FIXED-LENGTH DATA ELEMENTS
- fixed length control field: 220816|| aca||aabn | a|a d
040 ## - CATALOGING SOURCE
- Original cataloging agency: NUST
- Transcribing agency: NUST
100 ## - HEADING--PERSONAL NAME
- Personal name: Harold, Elliotte Rusty
670 ## - SOURCE DATA FOUND
- Source citation: Work cat.: (NUST)179336: Harold, Elliotte Rusty., JavaBeans : , c1998.
